W[est] Bengal elections 1962 ; (Record no. 73569)

MARC details
000 -LEADER
fixed length control field 00620cam a22002171 4500
001 - CONTROL NUMBER
control field sa 67002977
003 - CONTROL NUMBER IDENTIFIER
control field DLC
005 - DATE AND TIME OF LATEST TRANSACTION
control field 20260227112335.0
008 - FIXED-LENGTH DATA ELEMENTS--GENERAL INFORMATION
fixed length control field 791101s1966 xx 000 0 eng
010 ## - LIBRARY OF CONGRESS CONTROL NUMBER
LC control number sa 67002977
035 ## - SYSTEM CONTROL NUMBER
System control number (OCoLC)5635691
040 ## - CATALOGING SOURCE
Original cataloging agency DLC
Transcribing agency NNepaSU
Modifying agency DLC
042 ## - AUTHENTICATION CODE
Authentication code premarc
050 00 - LIBRARY OF CONGRESS CALL NUMBER
Classification number JQ379.A15
Item number V3
082 ## - DEWEY DECIMAL CLASSIFICATION NUMBER
Classification number 324/.2021/5414
100 1# - MAIN ENTRY--PERSONAL NAME
Personal name Vasil, R. K.
245 10 - TITLE STATEMENT
Title W[est] Bengal elections 1962 ;
Remainder of title an analysis
Statement of responsibility, etc. [by] R. K. Vasil.
260 ## - PUBLICATION, DISTRIBUTION, ETC.
Place of publication, distribution, etc. [Calcutta]
Name of publisher, distributor, etc. Institute of Political and Social Studies
Date of publication, distribution, etc. [1966]
300 ## - PHYSICAL DESCRIPTION
Extent 61 p.
Dimensions 22 cm.
650 #0 - SUBJECT ADDED ENTRY--TOPICAL TERM
Topical term or geographic name entry element Elections
Geographic subdivision India
-- West Bengal.

No items available.

Powered by Koha